| 000 | 00601nam a22001577a 4500 | ||
|---|---|---|---|
| 008 | 190802b xxu||||| |||| 00| 0 eng d | ||
| 020 | _a9780968206904 | ||
| 050 | _aQD31.2.H42 | ||
| 100 | _aHebden, James A. | ||
| 245 |
_aHebden: chemistry 12: a workbook for students. / _cJames Hebden |
||
| 260 |
_aKamloops B.C.: _bHebden Home Publishing, _c1997. |
||
| 300 |
_avi, 336 p. : _bill.; _c28cm |
||
| 500 | _a | ||
| 505 | _aContents: Unit I: Reaction kinetics -- Unit II: Equilibrium -- Unit III: Solubility equilibrium -- Unit IV: Acids, bases and salts -- Unit V: Electrochemistry. | ||
| 942 |
_2lcc _cBK |
||
| 999 |
_c6882 _d14382 |
||